Filmographie Martin Scorsese - Statistiques

Statistiques générales
  • Ce quiz a été pris 254 fois
  • Le résultat moyen est 15 sur 26
Statistiques - réponses
Hint Réponse % Correct
1990 Les Affranchis
90%
1976 Taxi Driver
88%
1995 Casino
84%
2013 Le Loup de Wall Street
84%
2023 Killers of the Flower Moon
82%
2006 Les Infiltrés
82%
2019 The Irishman
82%
1980 Raging Bull
75%
2010 Shutter Island
74%
2002 Gangs of New York
70%
2004 Aviator
68%
1973 Mean Streets
62%
2016 Silence
59%
2011 Hugo Cabret
54%
1983 La Valse des pantins
51%
1988 La Dernière Tentation du Christ
48%
1977 New York, New York
45%
1991 Les Nerfs à vif
43%
1985 After Hours
41%
1997 Kundun
36%
1999 À tombeau ouvert
31%
1986 La Couleur de l'argent
27%
1972 Bertha Boxcar
26%
1993 Le Temps de l'innocence
26%
1967 Who's That Knocking at My Door
23%
1974 Alice n'est plus ici
22%
Aucun quiz correspondant
Distribution des résultats
% des personnes avec chaque résultat
Percentile par nombre de réponses
Votre historique - résultats
Vous n’avez pas pris ce quiz